[Event "Regionalliga NO 1617"]
[Site "Bayern"]
[Date "2017.02.05"]
[Round "5.2"]
[White "Bloederl, Alfred"]
[Black "Ganaus, Hannes"]
[Result "0-1"]
[WhiteElo "1995"]
[BlackElo "2257"]
[PlyCount "188"]
[EventDate "2016.10.16"]
[EventType "team-tourn"]
[EventRounds "9"]
[EventCountry "GER"]
[SourceTitle "EXT 2019"]
[Source "ChessBase"]
[SourceDate "2018.10.10"]
[SourceVersion "1"]
[SourceVersionDate "2018.10.10"]
[SourceQuality "1"]
[WhiteTeam "Windischeschenbach"]
[BlackTeam "Regensburg Bavaria"]
[WhiteTeamCountry "GER"]
[BlackTeamCountry "GER"]

1. d4 Nf6 2. c4 e6 3. Nf3 c5 4. g3 cxd4 5. Nxd4 Bb4+ 6. Bd2 Be7 7. Bg2 Nc6 8. Nc2 0-0 9. 0-0 a6 10. Nc3 d6 11. b3 Qc7 12. e4 Rb8 13. Qe2 Re8 14. Rac1 h6 15. Rfd1 Ne5 16. Ne3 b6 17. f4 Nc6 18. Be1 Bf8 19. Bf2 Nd7 20. Kh1 Bb7 21. Qd2 Red8 22. Qe2 Rbc8 23. a4 Qb8 24. Nc2 Qa8 25. Bg1 Qb8 26. h3 Ba8 27. Kh2 Qc7 28. Ne3 Nf6 29. Qf2 Nd7 30. Qe2 Ne7 31. Qd2 Nc5 32. Qc2 Nc6 33. Qb1 Nb4 34. Na2 Nxa2 35. Qxa2 Nxe4 36. Qb1 f5 37. b4 Qf7 38. Qd3 a5 39. bxa5 bxa5 40. Nc2 Qc7 41. Nd4 Nc5 42. Qe2 Bxg2 43. Qxg2 Qd7 44. Nb5 Nxa4 45. Qa2 Nc5 46. Bxc5 Rxc5 47. Qxa5 Rdc8 48. Qa7 Qc6 49. Nd4 Qe4 50. Qd7 Rxc4 51. Rxc4 Rxc4 52. Qxe6+ Qxe6 53. Nxe6 Be7 54. Nd4 g6 55. g4 Rc5 56. Rb1 Kf7 57. gxf5 gxf5 58. Rb7 Kf6 59. Rd7 h5 60. Kg3 Rc3+ 61. Kg2 Rc4 62. Nxf5 Kxf5 63. Rxe7 Kxf4 64. Rf7+ Kg5 65. Rd7 Rd4 66. Kg3 Rd3+ 67. Kg2 Kh4 68. Rd8 Rd2+ 69. Kf3 Kxh3 70. Rg8 Rd3+ 71. Kf2 Rd5 72. Rg6 Rf5+ 73. Kg1 d5 74. Rg7 Kh4 75. Rd7 Kg3 76. Rg7+ Kf4 77. Kf2 Ke4+ 78. Ke2 Kd4 79. Rh7 Rg5 80. Rh8 Rg2+ 81. Ke1 Rh2 82. Rh7 Kd3 83. Ra7 d4 84. Ra3+ Ke4 85. Ra8 h4 86. Re8+ Kd3 87. Rh8 Rh1+ 88. Kf2 Rh2+ 89. Ke1 h3 90. Rh7 Rh1+ 91. Kf2 Kd2 92. Rh8 d3 93. Rc8 Re1 94. Rh8 h2 0-1

[Event "Regionalliga NO 1516"]
[Site "Bayern"]
[Date "2016.01.17"]
[Round "5.3"]
[White "Turner, Radek"]
[Black "Bloederl, Alfred"]
[Result "1-0"]
[WhiteElo "2022"]
[BlackElo "1995"]
[PlyCount "65"]
[EventDate "2015.10.11"]
[EventType "team-tourn"]
[EventRounds "9"]
[EventCountry "GER"]
[SourceTitle "EXT 2018"]
[Source "ChessBase"]
[SourceDate "2017.10.13"]
[SourceVersion "1"]
[SourceVersionDate "2017.10.13"]
[SourceQuality "1"]
[WhiteTeam "Regensburg Turnerschaft"]
[BlackTeam "Windischeschenbach"]
[WhiteTeamCountry "GER"]
[BlackTeamCountry "GER"]

1. c4 b6 2. Nc3 Bb7 3. e4 e6 4. d3 c5 5. Nge2 Nc6 6. g3 a6 7. Bg2 g6 8. 0-0 Bg7 9. Rb1 Nge7 10. a3 d6 11. Be3 Nd4 12. b4 Bc6 13. Bg5 0-0 14. Nxd4 cxd4 15. Ne2 Qd7 16. Qd2 e5 17. Bh3 f5 18. f3 Rf7 19. Bh6 Kh8 20. Rf2 Ng8 21. Bxg7+ Kxg7 22. f4 Ne7 23. Rbf1 Raf8 24. exf5 Nxf5 25. Bxf5 Rxf5 26. g4 R5f7 27. h3 Qe7 28. Kh2 Qh4 29. Ng3 h5 30. fxe5 Rxf2+ 31. Rxf2 Rxf2+ 32. Qxf2 hxg4 33. Nf5+ 1-0

[Event "Regionalliga NO 1415"]
[Site "Bayern"]
[Date "2015.02.22"]
[Round "7.5"]
[White "Tong, Kevin"]
[Black "Bloederl, Alfred"]
[Result "0-1"]
[WhiteElo "1994"]
[BlackElo "1995"]
[PlyCount "84"]
[EventDate "2014.10.19"]
[EventType "team-tourn"]
[EventRounds "9"]
[EventCountry "GER"]
[SourceTitle "EXT 2018"]
[Source "ChessBase"]
[SourceDate "2017.10.13"]
[SourceVersion "1"]
[SourceVersionDate "2017.10.13"]
[SourceQuality "1"]
[WhiteTeam "Erlangen SC II"]
[BlackTeam "Windischeschenbach"]
[WhiteTeamCountry "GER"]
[BlackTeamCountry "GER"]

1. e4 c5 2. Nf3 d6 3. d4 cxd4 4. Nxd4 Nf6 5. Nc3 Nc6 6. Be2 e5 7. Nb3 Be7 8. 0-0 0-0 9. Be3 Be6 10. Qd2 a5 11. Rad1 a4 12. Nc1 Qa5 13. f3 Rfd8 14. Qe1 d5 15. exd5 Nxd5 16. Nxd5 Rxd5 17. Qf2 Rxd1 18. Rxd1 Rd8 19. Nd3 Nd4 20. Bf1 Qd5 21. Rd2 Qxa2 22. Nxe5 Nf5 23. Rxd8+ Bxd8 24. Nd3 Nxe3 25. Qxe3 Qd5 26. c3 g6 27. Kf2 Bc7 28. g3 Qb5 29. Kg2 Bc4 30. Qd2 Bb6 31. Be2 Qd5 32. Qc2 Bb5 33. Nb4 Qc5 34. Bxb5 Qxb5 35. Qe4 Qc5 36. Qxb7 Qg1+ 37. Kh3 Qf1+ 38. Kg4 f5+ 39. Kf4 Qc4+ 40. Ke5 Bc7+ 41. Kf6 Qf7+ 42. Kg5 Bd8+ 0-1

[Event "Regionalliga NO 1314"]
[Site "Bayern"]
[Date "2014.02.09"]
[Round "6.5"]
[White "Bloederl, Alfred"]
[Black "Erlbeck, Peter"]
[Result "1/2-1/2"]
[WhiteElo "1928"]
[BlackElo "2073"]
[PlyCount "82"]
[EventDate "2013.10.13"]
[EventType "team-tourn"]
[EventRounds "9"]
[EventCountry "GER"]
[SourceTitle "EXT 2015"]
[Source "ChessBase"]
[SourceDate "2014.11.20"]
[SourceVersion "1"]
[SourceVersionDate "2014.11.20"]
[SourceQuality "1"]
[WhiteTeam "Windischeschenbach"]
[BlackTeam "Nuernberg Sued SW II"]
[WhiteTeamCountry "GER"]
[BlackTeamCountry "GER"]

1. d4 f5 2. c4 Nf6 3. g3 g6 4. Bg2 Bg7 5. Nf3 d6 6. 0-0 0-0 7. Nc3 Qe8 8. Nd5 Na6 9. Nxf6+ Rxf6 10. Bf4 h6 11. h4 c6 12. Qd2 Kh7 13. Rab1 Nc7 14. d5 c5 15. a3 a5 16. Ne1 a4 17. Nd3 b5 18. Nxc5 bxc4 19. Ne6 Bxe6 20. dxe6 Rb8 21. Rfc1 Qb5 22. Qc2 Nxe6 23. Qxc4 Nxf4 24. Qxf4 e5 25. Qc4 e4 26. Qxb5 Rxb5 27. Rc4 Rf7 28. Rxa4 Rxb2 29. Rxb2 Bxb2 30. Ra6 Rd7 31. a4 d5 32. e3 d4 33. exd4 Bxd4 34. Rc6 h5 35. Rc2 Kh6 36. a5 Ba7 37. a6 Rd1+ 38. Bf1 Ra1 39. Kg2 e3 40. fxe3 Bxe3 41. Bc4 Ra3 1/2-1/2

[Event "Regionalliga NO 1112"]
[Site "Bayern"]
[Date "2011.10.02"]
[Round "1.6"]
[White "Auburger, Philipp"]
[Black "Bloederl, Alfred"]
[Result "1-0"]
[WhiteElo "1935"]
[BlackElo "1943"]
[PlyCount "113"]
[EventDate "2011.10.02"]
[EventType "team-tourn"]
[EventRounds "9"]
[EventCountry "GER"]
[SourceTitle "EXT 2013"]
[Source "ChessBase"]
[SourceDate "2012.11.22"]
[SourceVersion "1"]
[SourceVersionDate "2012.11.22"]
[SourceQuality "1"]
[WhiteTeam "Forchheim II"]
[BlackTeam "Windischeschenbach"]
[WhiteTeamCountry "GER"]
[BlackTeamCountry "GER"]

1. e4 c5 2. c3 d5 3. exd5 Qxd5 4. d4 Nf6 5. Nf3 Bg4 6. Nbd2 e6 7. Qa4+ Nc6 8. Bc4 Qd7 9. Bb5 Rc8 10. Ne5 Qd5 11. 0-0 cxd4 12. cxd4 Bd6 13. Bxc6+ bxc6 14. Qxa7 Bxe5 15. dxe5 Qxe5 16. Nc4 Qc7 17. Qc5 Rd8 18. Bg5 Rd5 19. Qe3 0-0 20. Bxf6 gxf6 21. Qg3 Qxg3 22. fxg3 Be2 23. Rf4 e5 24. Re4 Bd3 25. Rg4+ Kh8 26. Ne3 Rb5 27. b4 f5 28. Rh4 Be4 29. a4 Rxb4 30. Nxf5 Rfb8 31. Nd6 Rb1+ 32. Rxb1 Rxb1+ 33. Kf2 Bd5 34. a5 Ra1 35. Rb4 Rxa5 36. Nf5 h5 37. Rh4 Ra2+ 38. Ke3 Ra3+ 39. Kd2 Kh7 40. Rxh5+ Kg6 41. g4 Ra2+ 42. Kc3 Rxg2 43. Nh4+ Kf6 44. Nxg2 Bxg2 45. h4 Be4 46. Rh6+ Kg7 47. g5 Bg6 48. h5 Be4 49. Kc4 Bf3 50. Kc5 Kg8 51. Kc4 Kg7 52. Kd3 Bg2 53. Rd6 Bd5 54. Ke3 Kh7 55. Kf2 Kg7 56. Kg3 Be6 57. Rxc6 1-0

[Event "Regionalliga NO 0708"]
[Site "Bayern"]
[Date "2008.02.17"]
[Round "6.6"]
[White "Hanisch, Friedrich"]
[Black "Bloederl, Alfred"]
[Result "1/2-1/2"]
[WhiteElo "2072"]
[BlackElo "1938"]
[PlyCount "88"]
[EventDate "2007.10.21"]
[EventType "team-tourn"]
[EventRounds "9"]
[EventCountry "GER"]
[SourceTitle "EXT 2009"]
[Source "ChessBase"]
[SourceDate "2008.11.26"]
[SourceVersion "1"]
[SourceVersionDate "2008.11.26"]
[SourceQuality "1"]
[WhiteTeam "Altensittenbach"]
[BlackTeam "Windischeschenbach"]
[WhiteTeamCountry "GER"]
[BlackTeamCountry "GER"]

1. e4 c5 2. c3 d5 3. exd5 Qxd5 4. d4 Nf6 5. Nf3 Bg4 6. dxc5 Qxd1+ 7. Kxd1 e5 8. b4 e4 9. h3 Bh5 10. g4 Nxg4 11. hxg4 Bxg4 12. Nbd2 Nc6 13. Bh3 Bxh3 14. Rxh3 exf3 15. Rxf3 0-0-0 16. Rxf7 Ne5 17. Rf5 Nd3 18. Rf3 Be7 19. Ke2 Nxc1+ 20. Rxc1 Bg5 21. Rc2 Rhe8+ 22. Kd1 Re7 23. Rf5 Bh6 24. c4 Red7 25. Rd5 Rxd5 26. cxd5 Rxd5 27. Ke2 a5 28. Nc4 Rd4 29. b5 a4 30. Nd6+ Kc7 31. Nf5 Re4+ 32. Kd3 Re6 33. Rc4 g5 34. Rxa4 Bf8 35. Nd4 Rf6 36. Kc4 Rxf2 37. Kd5 Rd2 38. b6+ Kb8 39. Kc4 g4 40. Ne6 Bd6 41. cxd6 Rxd6 42. Nf4 Rxb6 43. Ra5 Rf6 44. Nh5 Rf3 1/2-1/2

[Event "Regionalliga NO 0708"]
[Site "Bayern"]
[Date "2007.11.04"]
[Round "2.5"]
[White "Bloederl, Alfred"]
[Black "Schwirzer, Christoph"]
[Result "1-0"]
[WhiteElo "1938"]
[BlackElo "1805"]
[PlyCount "53"]
[EventDate "2007.10.21"]
[EventType "team-tourn"]
[EventRounds "9"]
[EventCountry "GER"]
[SourceTitle "EXT 2009"]
[Source "ChessBase"]
[SourceDate "2008.11.26"]
[SourceVersion "1"]
[SourceVersionDate "2008.11.26"]
[SourceQuality "1"]
[WhiteTeam "Windischeschenbach"]
[BlackTeam "Gunzenhausen"]
[WhiteTeamCountry "GER"]
[BlackTeamCountry "GER"]

1. e4 c6 2. d4 d5 3. f3 dxe4 4. fxe4 e5 5. Nf3 Be6 6. c3 Nd7 7. Bd3 Qc7 8. 0-0 0-0-0 9. Be3 Ngf6 10. Kh1 Bd6 11. Nbd2 Rhf8 12. Bg1 h6 13. Qa4 b6 14. b4 Nh5 15. Rfc1 Nf4 16. Bf1 f5 17. c4 fxe4 18. Nxe4 Nh3 19. c5 bxc5 20. bxc5 Be7 21. Ba6+ Kb8 22. Rab1+ Ka8 23. Bb7+ Qxb7 24. Rxb7 Kxb7 25. Rb1+ Nb6 26. cxb6 axb6 27. d5 1-0